Normal view
MARC view
- Luján Atienza, Ángel Luis,
Entry Nombre Personal
001 - NUMERO DE CONTROL
- campo de control: 59307
003 - IDENTIFICADOR DE NUMERO DE CONTROL
- campo de control: MX-MxUPN
005 - FECHA Y HORA DE LA ÜLTIMA TRANSACCIÓN
- campo de control: 20260417211840.0
008 - DATOS DE LONGITUD FIJA
- campo de control de longitud fija: 260417nn acnnnaabn a aaa d
040 ## - FUENTE DE CATALOGACIÓN
- Agencia original de catalogación: MX-MxUPN
- Lenguaje de catalogación: spa
100 1# - ENCABEZAMIENTO - NOMBRE PERSONAL
- Nombre personal: Luján Atienza, Ángel Luis,
- Fechas asociadas con el nombre: 1970
400 1# - VEÁSE - NOMBRE DE PERSONA
- Personal name: Atienza, Ángel Luis Luján,
- Dates associated with a name: 1970
400 1# - VEÁSE - NOMBRE DE PERSONA
- Personal name: Luján, Luis Ángel,
- Dates associated with a name: 1970
670 ## - FUENTE EN LA QUE SE LOCALIZARON DATOS
- Cita de la fuente: Literatura y poder, 2016 :
- Información localizada: portada (Ángel Luis Luján)
- Uniform Resource Identifier: https://hdl.handle.net/10578/10832
670 ## - FUENTE EN LA QUE SE LOCALIZARON DATOS
- Cita de la fuente: Autoridades LC, 17 abril 2026 :
- Información localizada: (Luján Atienza, Angel Luis, 1970-)
- Uniform Resource Identifier: https://lccn.loc.gov/n98025028
902 ## - CATALOGADOR
- Catalogador: VíctorGodínez/170426
